{"text_format":"3","workbook":"xlsx","n_sheets":2,"sheets":["Rekapitulácia stavby","13505 - Modernizácia oplo..."],"not_rendered":{"defined_names":5},"read":"whole","date_system":"1900"}

{"sheet":"Rekapitulácia stavby","index":0,"n_rows":95,"n_cols":90,"rows_kept":95,"hidden":true,"merged":[[1,43,1,56],[4,10,4,40],[5,10,5,40],[22,4,22,39],[25,36,25,40],[27,11,27,15],[27,22,27,30],[27,36,27,40],[28,11,28,15],[28,22,28,30],[28,36,28,40],[29,11,29,15],[29,22,29,30],[29,36,29,40],[30,11,30,15],[30,22,30,30],[30,36,30,40],[31,11,31,15],[31,22,31,30],[31,36,31,40],[32,11,32,15],[32,22,32,30],[32,36,32,40],[34,23,34,27],[34,36,34,40],[84,11,84,40],[86,38,86,39],[88,38,88,41],[88,44,90,45],[89,38,89,41],[91,2,91,6],[91,8,91,31],[91,32,91,38],[91,39,91,41],[93,32,93,38],[93,39,93,41],[94,3,94,7],[94,9,94,31],[94,32,94,38],[94,39,94,41]]}
["Export Komplet",{"$nulls":50},"","2.0","",{"$nulls":17},"False","False","{0f538435-0357-427a-8465-96c55d754771}"]
[{"$nulls":43},">>  skryté stĺpce  <<",{"$nulls":26},"0,001","20"]
[{"$nulls":70},"0,001","20"]
[{"$nulls":3},"REKAPITULÁCIA STAVBY",{"$nulls":40},"v ---  nižšie sa nachádzajú doplnkové a pomocné údaje k zostavám  --- v",{"$nulls":25},"0,001"]
[{"$nulls":3},"Kód:",{"$nulls":6},"13505",{"$nulls":59},"0,001"]
[{"$nulls":3},"Stavba:",{"$nulls":6},"Modernizácia oplotenia areálu zariadenia LUMEN , Trebišov",{"$nulls":59},"0,001"]
[{"$nulls":3},"JKSO:",{"$nulls":6},"",{"$nulls":25},"KS:",null,null,"",{"$nulls":30},"0,001"]
[{"$nulls":3},"Miesto:",{"$nulls":6},"Trebišov ",{"$nulls":25},"Dátum:",null,null,"15. 7. 2019",{"$nulls":30},"0,001"]
[{"$nulls":70},"0,001"]
[{"$nulls":3},"Objednávateľ:",{"$nulls":32},"IČO:",null,null,"",{"$nulls":30},"0,001"]
[{"$nulls":4},"LUMEN - zariadenie pre seniorov, Trebišov ",{"$nulls":31},"IČ DPH:",null,null,"",{"$nulls":30},"0,001"]
[{"$nulls":70},"0,001"]
[{"$nulls":3},"Zhotoviteľ:",{"$nulls":32},"IČO:",null,null,"",{"$nulls":30},"0,001"]
[{"$nulls":4}," ",{"$nulls":31},"IČ DPH:",null,null,"",{"$nulls":30},"0,001"]
[{"$nulls":70},"False"]
[{"$nulls":3},"Projektant:",{"$nulls":32},"IČO:",null,null,"",{"$nulls":30},"False"]
[{"$nulls":4}," ",{"$nulls":31},"IČ DPH:",null,null,"",{"$nulls":30},"True"]
[{"$nulls":70},"0,01"]
[{"$nulls":3},"Spracovateľ:",{"$nulls":32},"IČO:",null,null,"",{"$nulls":30},"0,01"]
[{"$nulls":4}," ",{"$nulls":31},"IČ DPH:",null,null,"",{"$nulls":30},"True"]
[]
[{"$nulls":3},"Poznámka:"]
[{"$nulls":4},""]
[]
[]
[{"$nulls":3},"Cena bez DPH",{"$nulls":32},{"$f":"ROUND(AG94,2)","v":{"v":0,"d":"0.00"}}]
[]
[{"$nulls":11},"Sadzba dane",{"$nulls":10},"Základ dane",{"$nulls":13},"Výška dane"]
[{"$nulls":3},"DPH",null,"základná",{"$nulls":5},{"v":0.2,"d":"20.00%"},{"$nulls":10},{"$f":"ROUND(AZ94, 2)","v":{"v":0,"d":"0.00"}},{"$nulls":13},{"$f":"ROUND(AV94, 2)","v":{"v":0,"d":"0.00"}}]
[{"$nulls":5},"znížená",{"$nulls":5},{"v":0.2,"d":"20.00%"},{"$nulls":10},{"$f":"ROUND(BA94, 2)","v":{"v":0,"d":"0.00"}},{"$nulls":13},{"$f":"ROUND(AW94, 2)","v":{"v":0,"d":"0.00"}}]
[{"$nulls":5},"zákl. prenesená",{"$nulls":5},{"v":0.2,"d":"20.00%"},{"$nulls":10},{"$f":"ROUND(BB94, 2)","v":{"v":0,"d":"0.00"}},{"$nulls":13},{"v":0,"d":"0.00"}]
[{"$nulls":5},"zníž. prenesená",{"$nulls":5},{"v":0.2,"d":"20.00%"},{"$nulls":10},{"$f":"ROUND(BC94, 2)","v":{"v":0,"d":"0.00"}},{"$nulls":13},{"v":0,"d":"0.00"}]
[{"$nulls":5},"nulová",{"$nulls":5},{"v":0,"d":"0.00%"},{"$nulls":10},{"$f":"ROUND(BD94, 2)","v":{"v":0,"d":"0.00"}},{"$nulls":13},{"v":0,"d":"0.00"}]
[]
[{"$nulls":3},"Cena s DPH",{"$nulls":15},"v",{"$nulls":3},"EUR",{"$nulls":12},{"$f":"SUM(AK26:AK33)","v":{"v":0,"d":"0.00"}}]
{"$rows_empty":13}
[{"$nulls":3},"Projektant",{"$nulls":29},"Spracovateľ"]
{"$rows_empty":10}
[{"$nulls":3},"Dátum a podpis:",{"$nulls":17},"Pečiatka",{"$nulls":11},"Dátum a podpis:",{"$nulls":4},"Pečiatka"]
[]
[]
[]
[{"$nulls":3},"Objednávateľ",{"$nulls":29},"Zhotoviteľ"]
{"$rows_empty":10}
[{"$nulls":3},"Dátum a podpis:",{"$nulls":17},"Pečiatka",{"$nulls":11},"Dátum a podpis:",{"$nulls":4},"Pečiatka"]
[]
[]
[]
[]
[]
[]
[null,null,"REKAPITULÁCIA OBJEKTOV STAVBY"]
[]
[null,null,"Kód:",{"$nulls":8},{"$f":"K5","v":"13505"}]
[null,null,"Stavba:",{"$nulls":8},{"$f":"K6","v":"Modernizácia oplotenia areálu zariadenia LUMEN , Trebišov"}]
[]
[null,null,"Miesto:",{"$nulls":8},{"$f":"IF(K8=\"\",\"\",K8)","v":"Trebišov "},{"$nulls":22},"Dátum:",{"$nulls":3},{"$f":"IF(AN8= \"\",\"\",AN8)","v":"15. 7. 2019"}]
[]
[null,null,"Objednávateľ:",{"$nulls":8},{"$f":"IF(E11= \"\",\"\",E11)","v":"LUMEN - zariadenie pre seniorov, Trebišov "},{"$nulls":22},"Projektant:",{"$nulls":3},{"$f":"IF(E17=\"\",\"\",E17)","v":" "},{"$nulls":5},"Informatívne údaje z listov zákaziek"]
[null,null,"Zhotoviteľ:",{"$nulls":8},{"$f":"IF(E14=\"\",\"\",E14)","v":" "},{"$nulls":22},"Spracovateľ:",{"$nulls":3},{"$f":"IF(E20=\"\",\"\",E20)","v":" "}]
[]
[null,null,"Kód",{"$nulls":5},"Popis",{"$nulls":23},"Cena bez DPH [EUR]",{"$nulls":6},"Cena s DPH [EUR]",null,null,"Typ",null,"z toho Ostat.\r\nnáklady [EUR]","DPH [EUR]","Normohodiny [h]","DPH základná [EUR]","DPH znížená [EUR]","DPH základná prenesená\r\n[EUR]","DPH znížená prenesená\r\n[EUR]","Základňa\r\nDPH základná","Základňa\r\nDPH znížená","Základňa\r\nDPH zákl. prenesená","Základňa\r\nDPH zníž. prenesená","Základňa\r\nDPH nulová"]
[]
[null,null,"Náklady z rozpočtov",{"$nulls":29},{"$f":"ROUND(AG95,2)","v":{"v":0,"d":"0.00"}},{"$nulls":6},{"$f":"SUM(AG94,AT94)","v":{"v":0,"d":"0.00"}},null,null,"",null,{"$f":"ROUND(AS95,2)","v":{"v":0,"d":"0.00"}},{"$f":"ROUND(SUM(AV94:AW94),2)","v":{"v":0,"d":"0.00"}},{"$f":"ROUND(AU95,5)","v":328.51321},{"$f":"ROUND(AZ94*L29,2)","v":{"v":0,"d":"0.00"}},{"$f":"ROUND(BA94*L30,2)","v":{"v":0,"d":"0.00"}},{"$f":"ROUND(BB94*L29,2)","v":{"v":0,"d":"0.00"}},{"$f":"ROUND(BC94*L30,2)","v":{"v":0,"d":"0.00"}},{"$f":"ROUND(AZ95,2)","v":{"v":0,"d":"0.00"}},{"$f":"ROUND(BA95,2)","v":{"v":0,"d":"0.00"}},{"$f":"ROUND(BB95,2)","v":{"v":0,"d":"0.00"}},{"$f":"ROUND(BC95,2)","v":{"v":0,"d":"0.00"}},{"$f":"ROUND(BD95,2)","v":{"v":0,"d":"0.00"}},{"$nulls":14},"D","0",null,"IMPORT","{0f538435-0357-427a-8465-96c55d754771}","{00000000-0000-0000-0000-000000000000}",{"$nulls":13},""]
["/",null,null,"13505",{"$nulls":5},"Modernizácia oplotenia areálu zariadenia LUMEN , Trebišov",{"$nulls":22},{"$f":"'13505 - Modernizácia oplo...'!J28","v":{"v":0,"d":"0.00"}},{"$nulls":6},{"$f":"SUM(AG95,AT95)","v":{"v":0,"d":"0.00"}},null,null,"STA",null,{"v":0,"d":"0.00"},{"$f":"ROUND(SUM(AV95:AW95),2)","v":{"v":0,"d":"0.00"}},{"$f":"'13505 - Modernizácia oplo...'!P118","v":{"v":328.51321474,"d":"328.51321"}},{"$f":"'13505 - Modernizácia oplo...'!J31","v":{"v":0,"d":"0.00"}},{"$f":"'13505 - Modernizácia oplo...'!J32","v":{"v":0,"d":"0.00"}},{"$f":"'13505 - Modernizácia oplo...'!J33","v":{"v":0,"d":"0.00"}},{"$f":"'13505 - Modernizácia oplo...'!J34","v":{"v":0,"d":"0.00"}},{"$f":"'13505 - Modernizácia oplo...'!F31","v":{"v":0,"d":"0.00"}},{"$f":"'13505 - Modernizácia oplo...'!F32","v":{"v":0,"d":"0.00"}},{"$f":"'13505 - Modernizácia oplo...'!F33","v":{"v":0,"d":"0.00"}},{"$f":"'13505 - Modernizácia oplo...'!F34","v":{"v":0,"d":"0.00"}},{"$f":"'13505 - Modernizácia oplo...'!F35","v":{"v":0,"d":"0.00"}},{"$nulls":15},"1","###NOINSERT###","IMPORT","{0f538435-0357-427a-8465-96c55d754771}","{00000000-0000-0000-0000-000000000000}",{"$nulls":13},""]

{"sheet":"13505 - Modernizácia oplo...","index":1,"n_rows":144,"n_cols":65,"rows_kept":144,"merged":[[1,11,1,21],[6,4,6,7],[15,4,15,7],[24,4,24,7],[84,4,84,7],[109,4,109,7]]}
[]
[{"$nulls":11},">>  skryté stĺpce  <<",{"$nulls":33},"{0f538435-0357-427a-8465-96c55d754771}"]
[{"$nulls":45},"0"]
[{"$nulls":3},"KRYCÍ LIST ROZPOČTU",{"$nulls":8},"v ---  nižšie sa nachádzajú doplnkové a pomocné údaje k zostavám  --- v",{"$nulls":32},"False"]
[]
[{"$nulls":3},"Stavba:"]
[{"$nulls":4},"Rekonštrukcia areálu zariadenia"]
[]
[{"$nulls":3},"JKSO:",null,"",null,null,"KS:",""]
[{"$nulls":3},"Miesto:",null,"LUMEN Trebišov",null,null,"Dátum:","2019-09-13"]
[]
[{"$nulls":3},"Objednávateľ:",{"$nulls":4},"IČO:",""]
[{"$nulls":4},"LUMEN - ŠZ, ZpS a DSS, Jilemnického 1707/1, 07501 Trebišov",{"$nulls":3},"IČ DPH:",""]
[]
[{"$nulls":3},"Zhotoviteľ:",{"$nulls":4},"IČO:",{"$f":"'Rekapitulácia stavby'!AN13","v":""}]
[{"$nulls":4},{"$f":"'Rekapitulácia stavby'!E14","v":" "},{"$nulls":3},"IČ DPH:",{"$f":"'Rekapitulácia stavby'!AN14","v":""}]
[]
[{"$nulls":3},"Projektant:",{"$nulls":4},"IČO:",{"$f":"IF('Rekapitulácia stavby'!AN16=\"\",\"\",'Rekapitulácia stavby'!AN16)","v":""}]
[{"$nulls":4},{"$f":"IF('Rekapitulácia stavby'!E17=\"\",\"\",'Rekapitulácia stavby'!E17)","v":" "},{"$nulls":3},"IČ DPH:",{"$f":"IF('Rekapitulácia stavby'!AN17=\"\",\"\",'Rekapitulácia stavby'!AN17)","v":""}]
[]
[{"$nulls":3},"Spracovateľ:",{"$nulls":4},"IČO:",{"$f":"IF('Rekapitulácia stavby'!AN19=\"\",\"\",'Rekapitulácia stavby'!AN19)","v":""}]
[{"$nulls":4},{"$f":"IF('Rekapitulácia stavby'!E20=\"\",\"\",'Rekapitulácia stavby'!E20)","v":" "},{"$nulls":3},"IČ DPH:",{"$f":"IF('Rekapitulácia stavby'!AN20=\"\",\"\",'Rekapitulácia stavby'!AN20)","v":""}]
[]
[{"$nulls":3},"Poznámka:"]
[{"$nulls":4},""]
[]
[]
[{"$nulls":3},"Cena bez DPH",{"$nulls":5},{"$f":"ROUND(J118, 2)","v":{"v":0,"d":"0.00"}}]
[]
[{"$nulls":5},"Základ dane",null,null,"Sadzba dane","Výška dane"]
[{"$nulls":3},"DPH","základná",{"$f":"ROUND((SUM(BE118:BE144)),  2)","v":{"v":0,"d":"0.00"}},null,null,{"v":0.2,"d":"20.00%"},{"$f":"ROUND(((SUM(BE118:BE144))*I31),  2)","v":{"v":0,"d":"0.00"}}]
[{"$nulls":4},"znížená",{"$f":"ROUND((SUM(BF118:BF144)),  2)","v":{"v":0,"d":"0.00"}},null,null,{"v":0.2,"d":"20.00%"},{"$f":"ROUND(((SUM(BF118:BF144))*I32),  2)","v":{"v":0,"d":"0.00"}}]
[{"$nulls":4},"zákl. prenesená",{"$f":"ROUND((SUM(BG118:BG144)),  2)","v":{"v":0,"d":"0.00"}},null,null,{"v":0.2,"d":"20.00%"},{"$f":"0","v":{"v":0,"d":"0.00"}}]
[{"$nulls":4},"zníž. prenesená",{"$f":"ROUND((SUM(BH118:BH144)),  2)","v":{"v":0,"d":"0.00"}},null,null,{"v":0.2,"d":"20.00%"},{"$f":"0","v":{"v":0,"d":"0.00"}}]
[{"$nulls":4},"nulová",{"$f":"ROUND((SUM(BI118:BI144)),  2)","v":{"v":0,"d":"0.00"}},null,null,{"v":0,"d":"0.00%"},{"$f":"0","v":{"v":0,"d":"0.00"}}]
[]
[{"$nulls":3},"Cena s DPH",null,null,"v","EUR",null,{"$f":"SUM(J28:J35)","v":{"v":0,"d":"0.00"}}]
{"$rows_empty":12}
[{"$nulls":3},"Projektant",null,null,"Spracovateľ"]
{"$rows_empty":10}
[{"$nulls":3},"Dátum a podpis:",null,"Pečiatka","Dátum a podpis:",null,null,"Pečiatka"]
[]
[]
[]
[{"$nulls":3},"Objednávateľ",null,null,"Zhotoviteľ"]
{"$rows_empty":10}
[{"$nulls":3},"Dátum a podpis:",null,"Pečiatka","Dátum a podpis:",null,null,"Pečiatka"]
[]
[]
[]
[]
[]
[null,null,"REKAPITULÁCIA ROZPOČTU"]
[]
[null,null,"Stavba:"]
[{"$nulls":4},{"$f":"E7","v":"Rekonštrukcia areálu zariadenia"}]
[]
[null,null,"Miesto:",null,null,{"$f":"F10","v":"LUMEN Trebišov"},null,null,"Dátum:",{"$f":"IF(J10=\"\",\"\",J10)","v":"2019-09-13"}]
[]
[null,null,"Objednávateľ:",null,null,{"$f":"E13","v":"LUMEN - ŠZ, ZpS a DSS, Jilemnického 1707/1, 07501 Trebišov"},null,null,"Projektant:",{"$f":"E19","v":" "}]
[null,null,"Zhotoviteľ:",null,null,{"$f":"IF(E16=\"\",\"\",E16)","v":" "},null,null,"Spracovateľ:",{"$f":"E22","v":" "}]
[]
[null,null,"Kód dielu - Popis",{"$nulls":6},"Cena celkom [EUR]"]
[]
[null,null,"Náklady z rozpočtu",{"$nulls":6},{"$f":"J118","v":{"v":0,"d":"0.00"}},{"$nulls":36},"-1"]
[{"$nulls":3},"HSV - Práce a dodávky HSV",{"$nulls":5},{"$f":"J119","v":{"v":0,"d":"0.00"}}]
[{"$nulls":3},"    6 - Úpravy povrchov, podlahy, osadenie",{"$nulls":5},{"$f":"J120","v":{"v":0,"d":"0.00"}}]
[{"$nulls":3},"    9 - Ostatné konštrukcie a práce-búranie",{"$nulls":5},{"$f":"J123","v":{"v":0,"d":"0.00"}}]
[{"$nulls":3},"PSV - Práce a dodávky PSV",{"$nulls":5},{"$f":"J128","v":{"v":0,"d":"0.00"}}]
[{"$nulls":3},"    767 - Konštrukcie doplnkové kovové",{"$nulls":5},{"$f":"J129","v":{"v":0,"d":"0.00"}}]
[{"$nulls":3},"    783 - Nátery",{"$nulls":5},{"$f":"J141","v":{"v":0,"d":"0.00"}}]
[]
[]
[]
[]
[]
[]
[null,null,"ROZPOČET"]
[]
[null,null,"Stavba:"]
[{"$nulls":4},{"$f":"E7","v":"Rekonštrukcia areálu zariadenia"}]
[]
[null,null,"Miesto:",null,null,{"$f":"F10","v":"LUMEN Trebišov"},null,null,"Dátum:",{"$f":"IF(J10=\"\",\"\",J10)","v":"2019-09-13"}]
[]
[null,null,"Objednávateľ:",null,null,{"$f":"E13","v":"LUMEN - ŠZ, ZpS a DSS, Jilemnického 1707/1, 07501 Trebišov"},null,null,"Projektant:",{"$f":"E19","v":" "}]
[null,null,"Zhotoviteľ:",null,null,{"$f":"IF(E16=\"\",\"\",E16)","v":" "},null,null,"Spracovateľ:",{"$f":"E22","v":" "}]
[]
[null,null,"PČ","Typ","Kód","Popis","MJ","Množstvo","J.cena [EUR]","Cena celkom [EUR]","Cenová sústava",null,"","DPH","J. Nh [h]","Nh celkom [h]","J. hmotnosť [t]","Hmotnosť celkom [t]","J. suť [t]","Suť Celkom [t]"]
[null,null,"Náklady z rozpočtu",{"$nulls":6},{"$f":"BK118","v":{"v":0,"d":"0.000"}},{"$nulls":5},{"$f":"P119+P128","v":{"v":328.51321474,"d":"328.51321"}},null,{"$f":"R119+R128","v":{"v":5.18684867,"d":"5.18685"}},null,{"$f":"T119+T128","v":{"v":14.810945,"d":"14.81095"}},{"$nulls":25},"D","-1",{"$nulls":15},{"$f":"BK119+BK128","v":{"v":0,"d":"0.000"}}]
[{"$nulls":3},"D","HSV","Práce a dodávky HSV",{"$nulls":3},{"$f":"BK119","v":{"v":0,"d":"0.000"}},{"$nulls":5},{"$f":"P120+P123","v":{"v":165.4669,"d":"165.46690"}},null,{"$f":"R120+R123","v":{"v":1.88820275,"d":"1.88820"}},null,{"$f":"T120+T123","v":{"v":13.373825,"d":"13.37383"}},{"$nulls":23},"1",null,"D","0",{"$nulls":3},"ROZPOCET",{"$nulls":11},{"$f":"BK120+BK123","v":{"v":0,"d":"0.000"}}]
[{"$nulls":3},"D","6","Úpravy povrchov, podlahy, osadenie",{"$nulls":3},{"$f":"BK120","v":{"v":0,"d":"0.000"}},{"$nulls":5},{"$f":"SUM(P121:P122)","v":{"v":110.853142,"d":"110.85314"}},null,{"$f":"SUM(R121:R122)","v":{"v":1.88820275,"d":"1.88820"}},null,{"$f":"SUM(T121:T122)","v":{"v":0,"d":"0.00000"}},{"$nulls":23},"1",null,"D","1",{"$nulls":3},"ROZPOCET",{"$nulls":11},{"$f":"SUM(BK121:BK122)","v":{"v":0,"d":"0.000"}}]
[null,null,"1","K","622465111","Vonkajšia omietka stien                                           mramorové zrná, weber.pas marmolit, jemnozrnná","m2",226.675,null,{"$f":"ROUND(I121*H121,3)","v":{"v":0,"d":"0.000"}},null,null,"","znížená",0.37786,{"$f":"O121*H121","v":{"v":85.6514155,"d":"85.65142"}},0.00418,{"$f":"Q121*H121","v":{"v":0.9475015,"d":"0.94750"}},{"v":0,"d":"0.00000"},{"$f":"S121*H121","v":{"v":0,"d":"0.00000"}},{"$nulls":23},"4",null,"K","2",{"$nulls":3},"ROZPOCET",{"$nulls":5},{"$f":"IF(N121=\"základná\",J121,0)","v":{"v":0,"d":"0.00"}},{"$f":"IF(N121=\"znížená\",J121,0)","v":{"v":0,"d":"0.00"}},{"$f":"IF(N121=\"zákl. prenesená\",J121,0)","v":{"v":0,"d":"0.00"}},{"$f":"IF(N121=\"zníž. prenesená\",J121,0)","v":{"v":0,"d":"0.00"}},{"$f":"IF(N121=\"nulová\",J121,0)","v":{"v":0,"d":"0.00"}},"2",{"$f":"ROUND(I121*H121,3)","v":{"v":0,"d":"0.000"}},"4","-84448490"]
[null,null,"2","K","622481119","Potiahnutie vonkajších stien sklotextílnou mriežkou s celoplošným prilepením","m2",226.675,null,{"$f":"ROUND(I122*H122,3)","v":{"v":0,"d":"0.000"}},null,null,"","znížená",0.11118,{"$f":"O122*H122","v":{"v":25.201726500000003,"d":"25.20173"}},{"v":4.15E-3,"d":"0.00415"},{"$f":"Q122*H122","v":{"v":0.94070125,"d":"0.94070"}},{"v":0,"d":"0.00000"},{"$f":"S122*H122","v":{"v":0,"d":"0.00000"}},{"$nulls":23},"4",null,"K","2",{"$nulls":3},"ROZPOCET",{"$nulls":5},{"$f":"IF(N122=\"základná\",J122,0)","v":{"v":0,"d":"0.00"}},{"$f":"IF(N122=\"znížená\",J122,0)","v":{"v":0,"d":"0.00"}},{"$f":"IF(N122=\"zákl. prenesená\",J122,0)","v":{"v":0,"d":"0.00"}},{"$f":"IF(N122=\"zníž. prenesená\",J122,0)","v":{"v":0,"d":"0.00"}},{"$f":"IF(N122=\"nulová\",J122,0)","v":{"v":0,"d":"0.00"}},"2",{"$f":"ROUND(I122*H122,3)","v":{"v":0,"d":"0.000"}},"4","-999953764"]
[{"$nulls":3},"D","9","Ostatné konštrukcie a práce-búranie",{"$nulls":3},{"$f":"BK123","v":{"v":0,"d":"0.000"}},{"$nulls":5},{"$f":"SUM(P124:P127)","v":{"v":54.613758000000004,"d":"54.61376"}},null,{"$f":"SUM(R124:R127)","v":{"v":0,"d":"0.00000"}},null,{"$f":"SUM(T124:T127)","v":{"v":13.373825,"d":"13.37383"}},{"$nulls":23},"1",null,"D","1",{"$nulls":3},"ROZPOCET",{"$nulls":11},{"$f":"SUM(BK124:BK127)","v":{"v":0,"d":"0.000"}}]
[null,null,"3","K","978015291","Otlčenie omietok vonkajších priečelí jednoduchých, s vyškriabaním škár, očistením muriva, v rozsahu do 100 %,  -0,05900t","m2",226.675,null,{"$f":"ROUND(I124*H124,3)","v":{"v":0,"d":"0.000"}},null,null,"","znížená",{"v":0.195,"d":"0.19500"},{"$f":"O124*H124","v":{"v":44.20162500000001,"d":"44.20163"}},{"v":0,"d":"0.00000"},{"$f":"Q124*H124","v":{"v":0,"d":"0.00000"}},{"v":0.059,"d":"0.05900"},{"$f":"S124*H124","v":{"v":13.373825,"d":"13.37383"}},{"$nulls":23},"4",null,"K","2",{"$nulls":3},"ROZPOCET",{"$nulls":5},{"$f":"IF(N124=\"základná\",J124,0)","v":{"v":0,"d":"0.00"}},{"$f":"IF(N124=\"znížená\",J124,0)","v":{"v":0,"d":"0.00"}},{"$f":"IF(N124=\"zákl. prenesená\",J124,0)","v":{"v":0,"d":"0.00"}},{"$f":"IF(N124=\"zníž. prenesená\",J124,0)","v":{"v":0,"d":"0.00"}},{"$f":"IF(N124=\"nulová\",J124,0)","v":{"v":0,"d":"0.00"}},"2",{"$f":"ROUND(I124*H124,3)","v":{"v":0,"d":"0.000"}},"4","566648497"]
[null,null,"4","K","979081111","Odvoz sutiny a vybúraných hmôt na skládku do 1 km","t",14.811,null,{"$f":"ROUND(I125*H125,3)","v":{"v":0,"d":"0.000"}},null,null,"","znížená",{"v":0.598,"d":"0.59800"},{"$f":"O125*H125","v":{"v":8.856978,"d":"8.85698"}},{"v":0,"d":"0.00000"},{"$f":"Q125*H125","v":{"v":0,"d":"0.00000"}},{"v":0,"d":"0.00000"},{"$f":"S125*H125","v":{"v":0,"d":"0.00000"}},{"$nulls":23},"4",null,"K","2",{"$nulls":3},"ROZPOCET",{"$nulls":5},{"$f":"IF(N125=\"základná\",J125,0)","v":{"v":0,"d":"0.00"}},{"$f":"IF(N125=\"znížená\",J125,0)","v":{"v":0,"d":"0.00"}},{"$f":"IF(N125=\"zákl. prenesená\",J125,0)","v":{"v":0,"d":"0.00"}},{"$f":"IF(N125=\"zníž. prenesená\",J125,0)","v":{"v":0,"d":"0.00"}},{"$f":"IF(N125=\"nulová\",J125,0)","v":{"v":0,"d":"0.00"}},"2",{"$f":"ROUND(I125*H125,3)","v":{"v":0,"d":"0.000"}},"4","-63239201"]
[null,null,"5","K","979081121","Odvoz sutiny a vybúraných hmôt na skládku za každý ďalší 1 km","t",222.165,null,{"$f":"ROUND(I126*H126,3)","v":{"v":0,"d":"0.000"}},null,null,"","znížená",{"v":0.007,"d":"0.00700"},{"$f":"O126*H126","v":{"v":1.555155,"d":"1.55516"}},{"v":0,"d":"0.00000"},{"$f":"Q126*H126","v":{"v":0,"d":"0.00000"}},{"v":0,"d":"0.00000"},{"$f":"S126*H126","v":{"v":0,"d":"0.00000"}},{"$nulls":23},"4",null,"K","2",{"$nulls":3},"ROZPOCET",{"$nulls":5},{"$f":"IF(N126=\"základná\",J126,0)","v":{"v":0,"d":"0.00"}},{"$f":"IF(N126=\"znížená\",J126,0)","v":{"v":0,"d":"0.00"}},{"$f":"IF(N126=\"zákl. prenesená\",J126,0)","v":{"v":0,"d":"0.00"}},{"$f":"IF(N126=\"zníž. prenesená\",J126,0)","v":{"v":0,"d":"0.00"}},{"$f":"IF(N126=\"nulová\",J126,0)","v":{"v":0,"d":"0.00"}},"2",{"$f":"ROUND(I126*H126,3)","v":{"v":0,"d":"0.000"}},"4","-1719474078"]
[null,null,"6","K","979089012","Poplatok za skladovanie - betón, tehly, dlaždice (17 01) ostatné","t",14.811,null,{"$f":"ROUND(I127*H127,3)","v":{"v":0,"d":"0.000"}},null,null,"","znížená",{"v":0,"d":"0.00000"},{"$f":"O127*H127","v":{"v":0,"d":"0.00000"}},{"v":0,"d":"0.00000"},{"$f":"Q127*H127","v":{"v":0,"d":"0.00000"}},{"v":0,"d":"0.00000"},{"$f":"S127*H127","v":{"v":0,"d":"0.00000"}},{"$nulls":23},"4",null,"K","2",{"$nulls":3},"ROZPOCET",{"$nulls":5},{"$f":"IF(N127=\"základná\",J127,0)","v":{"v":0,"d":"0.00"}},{"$f":"IF(N127=\"znížená\",J127,0)","v":{"v":0,"d":"0.00"}},{"$f":"IF(N127=\"zákl. prenesená\",J127,0)","v":{"v":0,"d":"0.00"}},{"$f":"IF(N127=\"zníž. prenesená\",J127,0)","v":{"v":0,"d":"0.00"}},{"$f":"IF(N127=\"nulová\",J127,0)","v":{"v":0,"d":"0.00"}},"2",{"$f":"ROUND(I127*H127,3)","v":{"v":0,"d":"0.000"}},"4","-2017596677"]
[{"$nulls":3},"D","PSV","Práce a dodávky PSV",{"$nulls":3},{"$f":"BK128","v":{"v":0,"d":"0.000"}},{"$nulls":5},{"$f":"P129+P141","v":{"v":163.04631474,"d":"163.04631"}},null,{"$f":"R129+R141","v":{"v":3.2986459199999993,"d":"3.29865"}},null,{"$f":"T129+T141","v":1.43712},{"$nulls":23},"2",null,"D","0",{"$nulls":3},"ROZPOCET",{"$nulls":11},{"$f":"BK129+BK141","v":{"v":0,"d":"0.000"}}]
[{"$nulls":3},"D","767","Konštrukcie doplnkové kovové",{"$nulls":3},{"$f":"BK129","v":{"v":0,"d":"0.000"}},{"$nulls":5},{"$f":"SUM(P130:P140)","v":{"v":151.21595106,"d":"151.21595"}},null,{"$f":"SUM(R130:R140)","v":{"v":3.2905959999999994,"d":"3.29060"}},null,{"$f":"SUM(T130:T140)","v":1.43712},{"$nulls":23},"2",null,"D","1",{"$nulls":3},"ROZPOCET",{"$nulls":11},{"$f":"SUM(BK130:BK140)","v":{"v":0,"d":"0.000"}}]
[null,null,"7","K","767914130","Montáž oplotenia rámového, na oceľové stĺpiky, vo výške nad 1,5 do 2,0 m","m",106.581,null,{"$f":"ROUND(I130*H130,3)","v":{"v":0,"d":"0.000"}},null,null,"","znížená",0.46726,{"$f":"O130*H130","v":{"v":49.80103806,"d":"49.80104"}},{"v":0,"d":"0.00000"},{"$f":"Q130*H130","v":{"v":0,"d":"0.00000"}},{"v":0,"d":"0.00000"},{"$f":"S130*H130","v":{"v":0,"d":"0.00000"}},{"$nulls":23},"16",null,"K","2",{"$nulls":3},"ROZPOCET",{"$nulls":5},{"$f":"IF(N130=\"základná\",J130,0)","v":{"v":0,"d":"0.00"}},{"$f":"IF(N130=\"znížená\",J130,0)","v":{"v":0,"d":"0.00"}},{"$f":"IF(N130=\"zákl. prenesená\",J130,0)","v":{"v":0,"d":"0.00"}},{"$f":"IF(N130=\"zníž. prenesená\",J130,0)","v":{"v":0,"d":"0.00"}},{"$f":"IF(N130=\"nulová\",J130,0)","v":{"v":0,"d":"0.00"}},"2",{"$f":"ROUND(I130*H130,3)","v":{"v":0,"d":"0.000"}},"16","-928795138"]
[null,null,"8","M","553510028000","Panel  veľkosť oka 200x50 mm, vxl 1,8x2,48 m, poplastovaný na pozinkovanej oceli, pre panelový plotový systém,","ks",{"v":40,"d":"40.000"},null,{"v":0,"d":"0.000"},null,null,"","znížená",{"v":0,"d":"0.00000"},{"v":0,"d":"0.00000"},{"v":0.0241,"d":"0.02410"},{"v":0.964,"d":"0.96400"},{"v":0,"d":"0.00000"},{"v":0,"d":"0.00000"},{"$nulls":23},"32",null,"M","2",{"$nulls":3},"ROZPOCET",{"$nulls":5},{"v":0,"d":"0.00"},{"v":0,"d":"0.00"},{"v":0,"d":"0.00"},{"v":0,"d":"0.00"},{"v":0,"d":"0.00"},"2",{"v":0,"d":"0.000"},"16","740336896"]
[null,null,"9","K","767914830","Demontáž oplotenia rámového na oceľové stĺpiky, výšky nad 1 do 2 m,  -0,00900t","m",{"v":159.68,"d":"159.680"},null,{"v":0,"d":"0.000"},null,null,"","znížená",{"v":0.285,"d":"0.28500"},{"v":45.5088,"d":"45.50880"},{"v":0,"d":"0.00000"},{"v":0,"d":"0.00000"},{"v":0.009,"d":"0.00900"},1.43712,{"$nulls":23},"16",null,"K","2",{"$nulls":3},"ROZPOCET",{"$nulls":5},{"v":0,"d":"0.00"},{"v":0,"d":"0.00"},{"v":0,"d":"0.00"},{"v":0,"d":"0.00"},{"v":0,"d":"0.00"},"2",{"v":0,"d":"0.000"},"16","-28367267"]
[null,null,"10","K","767916140","Montáž oplotenia z plechu hlinikoveho  1m oplotenia ","m",63.685,null,{"v":0,"d":"0.000"},null,null,"","znížená",{"v":0.413,"d":"0.41300"},{"v":26.301904999999998,"d":"26.30191"},{"v":0.0016,"d":"0.00160"},{"v":0.10189600000000001,"d":"0.10190"},{"v":0,"d":"0.00000"},{"v":0,"d":"0.00000"},{"$nulls":23},"16",null,"K","2",{"$nulls":3},"ROZPOCET",{"$nulls":5},{"v":0,"d":"0.00"},{"v":0,"d":"0.00"},{"v":0,"d":"0.00"},{"v":0,"d":"0.00"},{"v":0,"d":"0.00"},"2",{"v":0,"d":"0.000"},"16","-1286385029"]
[null,null,"11","M","553510025400-R","Plotovy dielec plny hlinikovy  šxv 2300X1700 mm","ks",{"v":28,"d":"28.000"},null,{"v":0,"d":"0.000"},null,null,"","znížená",{"v":0,"d":"0.00000"},{"v":0,"d":"0.00000"},{"v":0.0486,"d":"0.04860"},{"v":1.3608,"d":"1.36080"},{"v":0,"d":"0.00000"},{"v":0,"d":"0.00000"},{"$nulls":23},"32",null,"M","2",{"$nulls":3},"ROZPOCET",{"$nulls":5},{"v":0,"d":"0.00"},{"v":0,"d":"0.00"},{"v":0,"d":"0.00"},{"v":0,"d":"0.00"},{"v":0,"d":"0.00"},"2",{"v":0,"d":"0.000"},"16","-1306459088"]
[null,null,"12","K","767916710","Osadenie stĺpika pre pletivové panelové ploty, s výškou do 2 m na oceľovú platňu","ks",{"v":73,"d":"73.000"},null,{"v":0,"d":"0.000"},null,null,"","znížená",0.23145,16.89585,{"v":3.3E-3,"d":"0.00330"},{"v":0.2409,"d":"0.24090"},{"v":0,"d":"0.00000"},{"v":0,"d":"0.00000"},{"$nulls":23},"16",null,"K","2",{"$nulls":3},"ROZPOCET",{"$nulls":5},{"v":0,"d":"0.00"},{"v":0,"d":"0.00"},{"v":0,"d":"0.00"},{"v":0,"d":"0.00"},{"v":0,"d":"0.00"},"2",{"v":0,"d":"0.000"},"16","1718130870"]
[null,null,"13","M","553510029700","Stĺpik , výška 1,8 m, poplastovaný na pozinkovanej oceli, pre panelový plotový systém","ks",{"v":41,"d":"41.000"},null,{"v":0,"d":"0.000"},null,null,"","znížená",{"v":0,"d":"0.00000"},{"v":0,"d":"0.00000"},{"v":0.0068,"d":"0.00680"},{"v":0.2788,"d":"0.27880"},{"v":0,"d":"0.00000"},{"v":0,"d":"0.00000"},{"$nulls":23},"32",null,"M","2",{"$nulls":3},"ROZPOCET",{"$nulls":5},{"v":0,"d":"0.00"},{"v":0,"d":"0.00"},{"v":0,"d":"0.00"},{"v":0,"d":"0.00"},{"v":0,"d":"0.00"},"2",{"v":0,"d":"0.000"},"16","-61197537"]
[null,null,"14","M","553510029800","Stĺpik 80x8x0 hlinikovy  s navarovacou platnou pre kotvenie ","ks",{"v":32,"d":"32.000"},null,{"v":0,"d":"0.000"},null,null,"","znížená",{"v":0,"d":"0.00000"},{"v":0,"d":"0.00000"},{"v":0.0075,"d":"0.00750"},{"v":0.24,"d":"0.24000"},{"v":0,"d":"0.00000"},{"v":0,"d":"0.00000"},{"$nulls":23},"32",null,"M","2",{"$nulls":3},"ROZPOCET",{"$nulls":5},{"v":0,"d":"0.00"},{"v":0,"d":"0.00"},{"v":0,"d":"0.00"},{"v":0,"d":"0.00"},{"v":0,"d":"0.00"},"2",{"v":0,"d":"0.000"},"16","381350388"]
[null,null,"15","K","767920040","Montáž vrát a vrátok k panelovému oploteniu osadzovaných na stĺpiky oceľové, s plochou jednotlivo nad 6 do 8 m2","ks",{"v":1,"d":"1.000"},null,{"v":0,"d":"0.000"},null,null,"","znížená",{"v":2.185,"d":"2.18500"},{"v":2.185,"d":"2.18500"},{"v":0,"d":"0.00000"},{"v":0,"d":"0.00000"},{"v":0,"d":"0.00000"},{"v":0,"d":"0.00000"},{"$nulls":23},"4",null,"K","2",{"$nulls":3},"ROZPOCET",{"$nulls":5},{"v":0,"d":"0.00"},{"v":0,"d":"0.00"},{"v":0,"d":"0.00"},{"v":0,"d":"0.00"},{"v":0,"d":"0.00"},"2",{"v":0,"d":"0.000"},"4","1247837407"]
[null,null,"16","M","553510011180","Bránka dvojkrídlová, šxv 3,75x2,0 m, z hlinikoveho plechu ","ks",{"v":1,"d":"1.000"},null,{"v":0,"d":"0.000"},null,null,"","znížená",{"v":0,"d":"0.00000"},{"v":0,"d":"0.00000"},{"v":0.1042,"d":"0.10420"},{"v":0.1042,"d":"0.10420"},{"v":0,"d":"0.00000"},{"v":0,"d":"0.00000"},{"$nulls":23},"8",null,"M","2",{"$nulls":3},"ROZPOCET",{"$nulls":5},{"v":0,"d":"0.00"},{"v":0,"d":"0.00"},{"v":0,"d":"0.00"},{"v":0,"d":"0.00"},{"v":0,"d":"0.00"},"2",{"v":0,"d":"0.000"},"4","-1983209057"]
[null,null,"17","K","998767101","Presun hmôt pre kovové stavebné doplnkové konštrukcie v objektoch výšky do 6 m","t",3.186,null,{"v":0,"d":"0.000"},null,null,"","znížená",{"v":3.303,"d":"3.30300"},{"v":10.523358,"d":"10.52336"},{"v":0,"d":"0.00000"},{"v":0,"d":"0.00000"},{"v":0,"d":"0.00000"},{"v":0,"d":"0.00000"},{"$nulls":23},"16",null,"K","2",{"$nulls":3},"ROZPOCET",{"$nulls":5},{"v":0,"d":"0.00"},{"v":0,"d":"0.00"},{"v":0,"d":"0.00"},{"v":0,"d":"0.00"},{"v":0,"d":"0.00"},"2",{"v":0,"d":"0.000"},"16","-1933414564"]
[{"$nulls":3},"D","783","Nátery",{"$nulls":3},{"$f":"BK141","v":{"v":0,"d":"0.000"}},{"$nulls":5},{"$f":"SUM(P142:P144)","v":{"v":11.830363679999998,"d":"11.83036"}},null,{"$f":"SUM(R142:R144)","v":{"v":0.00804992,"d":"0.00805"}},null,{"$f":"SUM(T142:T144)","v":{"v":0,"d":"0.00000"}},{"$nulls":23},"2",null,"D","1",{"$nulls":3},"ROZPOCET",{"$nulls":11},{"$f":"SUM(BK142:BK144)","v":{"v":0,"d":"0.000"}}]
[null,null,"18","K","783201812","Odstránenie starých náterov z kovových stavebných doplnkových konštrukcií oceľovou kefou","m2",50.312,null,{"$f":"ROUND(I142*H142,3)","v":{"v":0,"d":"0.000"}},null,null,"","znížená",{"v":0.115,"d":"0.11500"},{"$f":"O142*H142","v":5.78588},{"v":0,"d":"0.00000"},{"$f":"Q142*H142","v":{"v":0,"d":"0.00000"}},{"v":0,"d":"0.00000"},{"$f":"S142*H142","v":{"v":0,"d":"0.00000"}},{"$nulls":23},"16",null,"K","2",{"$nulls":3},"ROZPOCET",{"$nulls":5},{"$f":"IF(N142=\"základná\",J142,0)","v":{"v":0,"d":"0.00"}},{"$f":"IF(N142=\"znížená\",J142,0)","v":{"v":0,"d":"0.00"}},{"$f":"IF(N142=\"zákl. prenesená\",J142,0)","v":{"v":0,"d":"0.00"}},{"$f":"IF(N142=\"zníž. prenesená\",J142,0)","v":{"v":0,"d":"0.00"}},{"$f":"IF(N142=\"nulová\",J142,0)","v":{"v":0,"d":"0.00"}},"2",{"$f":"ROUND(I142*H142,3)","v":{"v":0,"d":"0.000"}},"16","125303523"]
[null,null,"19","K","783921120","Nátery syntetické na vzduchu schnúce pletív vráane lemovania jednonásobné - 35µm","m2",50.312,null,{"$f":"ROUND(I143*H143,3)","v":{"v":0,"d":"0.000"}},null,null,"","znížená",0.06914,{"$f":"O143*H143","v":{"v":3.4785716799999995,"d":"3.47857"}},{"v":8e-05,"d":"0.00008"},{"$f":"Q143*H143","v":{"v":0.00402496,"d":"0.00402"}},{"v":0,"d":"0.00000"},{"$f":"S143*H143","v":{"v":0,"d":"0.00000"}},{"$nulls":23},"16",null,"K","2",{"$nulls":3},"ROZPOCET",{"$nulls":5},{"$f":"IF(N143=\"základná\",J143,0)","v":{"v":0,"d":"0.00"}},{"$f":"IF(N143=\"znížená\",J143,0)","v":{"v":0,"d":"0.00"}},{"$f":"IF(N143=\"zákl. prenesená\",J143,0)","v":{"v":0,"d":"0.00"}},{"$f":"IF(N143=\"zníž. prenesená\",J143,0)","v":{"v":0,"d":"0.00"}},{"$f":"IF(N143=\"nulová\",J143,0)","v":{"v":0,"d":"0.00"}},"2",{"$f":"ROUND(I143*H143,3)","v":{"v":0,"d":"0.000"}},"16","503340354"]
[null,null,"20","K","783921700","Nátery syntetické na vzduchu schnúce pletív vrátane lemovania základný - 35µm","m2",50.312,null,{"$f":"ROUND(I144*H144,3)","v":{"v":0,"d":"0.000"}},null,null,"","znížená",{"v":0.051,"d":"0.05100"},{"$f":"O144*H144","v":{"v":2.5659119999999995,"d":"2.56591"}},{"v":8e-05,"d":"0.00008"},{"$f":"Q144*H144","v":{"v":0.00402496,"d":"0.00402"}},{"v":0,"d":"0.00000"},{"$f":"S144*H144","v":{"v":0,"d":"0.00000"}},{"$nulls":23},"16",null,"K","2",{"$nulls":3},"ROZPOCET",{"$nulls":5},{"$f":"IF(N144=\"základná\",J144,0)","v":{"v":0,"d":"0.00"}},{"$f":"IF(N144=\"znížená\",J144,0)","v":{"v":0,"d":"0.00"}},{"$f":"IF(N144=\"zákl. prenesená\",J144,0)","v":{"v":0,"d":"0.00"}},{"$f":"IF(N144=\"zníž. prenesená\",J144,0)","v":{"v":0,"d":"0.00"}},{"$f":"IF(N144=\"nulová\",J144,0)","v":{"v":0,"d":"0.00"}},"2",{"$f":"ROUND(I144*H144,3)","v":{"v":0,"d":"0.000"}},"16","-1890401574"]